All Cities on a Map by Letter - O - Statistics

General Stats
  • This quiz has been taken 14 times
  • The average score is 42 of 966
Answers on the Map
Answers color-coded by a green-red scale on the quiz's map according to % correct below.
 
Answer Stats
Country City population City % Correct
India 18454 Od
80%
Norway 19742 Os
80%
Japan 26267 Ōra
70%
Algeria 803329 Oran
70%
Canada 1068821 Ottawa
70%
United States 18714 Ottawa
70%
United States 12632 Ottawa
70%
United Kingdom 108600 Oxford
70%
United States 26086 Oxford
70%
United States 22069 Oxford
70%
United States 22063 Oxford
70%
United States 13349 Oxford
70%
United States 8897 Oxford
70%
United States 162648 Odessa
60%
Russia 19369 Osa
60%
Norway 709037 Oslo
60%
Czechia 284765 Ostrava
60%
Turkey 43591 Of
50%
Japan 17146 Ōi
50%
United States 826161 Omaha
50%
United States 138723 Orange
50%
Australia 38097 Orange
50%
France 29357 Orange
50%
United States 19178 Orange
50%
United States 1913597 Orlando
50%
Japan 15126000 Ōsaka
50%
United States 438072 Oakland
40%
United States 12700 Oakland
40%
United States 9544 Oakland
40%
Russia 30369 Ob
40%
Denmark 182387 Odense
40%
United States 1000207 Oklahoma City
40%
Russia 1104485 Omsk
40%
United States 178347 Ontario
40%
United States 11728 Ontario
40%
United States 10489 Ontario
40%
Germany 62195 Offenburg
30%
Japan 13716 Ōki
30%
Germany 174629 Oldenburg
30%
United Kingdom 96555 Oldham
30%
United States 215677 Olympia
30%
Japan 47609 Ono
30%
Japan 30449 Ono
30%
Japan 33640 Ōno
30%
Japan 23111 Ōno
30%
Japan 11044 Ōno
30%
India 9160 Op
30%
Kazakhstan 234184 Oral
30%
United States 19821 Oregon
30%
United States 11384 Oregon
30%
Russia 303696 Orël
30%
France 116344 Orléans
30%
Burkina Faso 3063271 Ouagadougou
30%
Finland 214814 Oulu
30%
United States 15762 Overland
30%
United States 197199 Overland Park
30%
Spain 220543 Oviedo
30%
United States 39990 Oviedo
30%
United States 32088 Oak Ridge
20%
United States 24395 Oak Ridge
20%
United States 10860 Oak Ridge
20%
Mexico 300050 Oaxaca
20%
Germany 13900 Oberhaching
20%
Germany 211099 Oberhausen
20%
Denmark 12914 Odder
20%
Ukraine 1010537 Odesa
20%
Japan 474804 Ōita
20%
Japan 47499 Okaya
20%
Japan 720043 Okayama
20%
Japan 142094 Okinawa
20%
Italy 61048 Olbia
20%
Portugal 45396 Olhão
20%
Czechia 102293 Olomouc
20%
Germany 24961 Olpe
20%
Netherlands 18295 Ommen
20%
United States 10240 Oneida
20%
Philippines 70342 Orani
20%
Germany 48492 Oranienburg
20%
Sweden 128658 Örebro
20%
Russia 536862 Orenburg
20%
South Africa 13435 Orkney
20%
France 24488 Orly
20%
Kyrgyzstan 353080 Osh
20%
Croatia 96313 Osijek
20%
Germany 166960 Osnabrück
20%
Netherlands 92526 Oss
20%
Japan 224358 Ōta
20%
United States 373423 Oxnard
20%
United States 21953 Ozark
20%
United States 14348 Ozark
20%
United Kingdom 10975 Oakham
10%
United States 44311 Oakley
10%
Canada 213759 Oakville
10%
United States 35166 Oakville
10%
United States 9233 Oakville
10%
United States 9480 Oakwood
10%
Japan 15787 Ōarai
10%
Germany 11984 Oberschleißheim
10%
Brazil 52229 Óbidos
10%
Portugal 11689 Óbidos
10%
Japan 165684 Obihiro
10%
United States 27792 Ocean
10%
United States 11260 Ocean City
10%
United States 172542 Oceanside
10%
United States 31907 Oceanside
10%
Germany 11434 Ochsenfurt
10%
Germany 9301 Ochsenhausen
10%
Ghana 60604 Oda
10%
Japan 67865 Ōdate
10%
Portugal 26066 Odemira
10%
Germany 15385 Odenthal
10%
Portugal 148034 Odivelas
10%
Germany 31918 Oer-Erkenschwick
10%
Japan 24690 Oga
10%
Japan 10751 Ogano
10%
Japan 28386 Ogawa
10%
United States 623688 Ogden
10%
United States 20228 Ogden
10%
Japan 10905 Ogose
10%
Latvia 22767 Ogre
10%
Germany 25591 Öhringen
10%
Japan 23706 Ōji
10%
Japan 385376 Okazaki
10%
Japan 13595 Okinoshima
10%
United States 143720 Olathe
10%
United Kingdom 25488 Oldbury
10%
Germany 9983 Oldenburg in Holstein
10%
Canada 9184 Olds
10%
United States 13798 Olean
10%
Belgium 12560 Olen
10%
Uzbekistan 133400 Olmaliq
10%
Poland 170225 Olsztyn
10%
Switzerland 18362 Olten
10%
Japan 131895 Ōme
10%
United States 18909 Onalaska
10%
Spain 25817 Onda
10%
India 8651 Onda
10%
Japan 10852 Onna
10%
United States 22635 Onondaga
10%
Philippines 66327 Opol
10%
Poland 127387 Opole
10%
United States 37482 Oregon City
10%
United States 97048 Orem
10%
Finland 15669 Orimattila
10%
Philippines 60771 Orion
10%
Finland 8842 Orivesi
10%
Canada 9223 Oromocto
10%
United States 11693 Orono
10%
Italy 9065 Orte
10%
France 10836 Orthez
10%
Italy 19461 Orvieto
10%
Japan 128763 Ōsaki
10%
Korea, South 213840 Osan
10%
Canada 335949 Oshawa
10%
United States 75850 Oshkosh
10%
Brazil 36131 Osório
10%
Germany 12237 Osterhofen
10%
Poland 36956 Oświęcim
10%
Kazakhstan 4540 Otar
10%
Japan 112452 Otaru
10%
United States 8699 Othello
10%
Japan 44049 Otofuke
10%
United States 21358 Otsego
10%
Japan 343991 Ōtsu
10%
Germany 8767 Ottobeuren
10%
Germany 22510 Ottobrunn
10%
Finland 9771 Oulunsalo
10%
Portugal 45932 Ourém
10%
Brazil 17855 Ourém
10%
Spain 104891 Ourense
10%
Portugal 55398 Ovar
10%
United States 26462 Owatonna
10%
Nigeria 386723 Oyo
10%
Congo (Brazzaville) 63598 Oyo
10%
United States 299519 Oyster Bay
10%
United Kingdom 23849 Oadby
0%
Japan 299699 Ōakashichō
0%
Canada 17990 Oak Bay
0%
United States 9459 Oakbrook
0%
United States 36473 Oak Creek
0%
United States 28109 Oakdale
0%
United States 23155 Oakdale
0%
United Kingdom 9015 Oakengates
0%
United States 26888 Oak Forest
0%
United States 17408 Oak Grove
0%
United States 12031 Oak Grove
0%
United States 9031 Oak Grove
0%
United States 24396 Oak Harbor
0%
United States 11464 Oak Hills
0%
United States 8888 Oak Island
0%
United States 44015 Oakland Park
0%
United States 57098 Oak Lawn
0%
United States 30737 Oakleaf Plantation
0%
United States 53315 Oak Park
0%
United States 29370 Oak Park
0%
United States 13656 Oak Park
0%
United States 36776 Oakton
0%
Japan 49019 Ōamishirasato
0%
Philippines 66084 Oas
0%
United States 12709 Oatfield
0%
Australia 562 Oatlands
0%
Cameroon 37888 Obala
0%
India 12725 Obalāpuram
0%
Japan 28142 Obama
0%
Japan 14760 Obanazawa
0%
Philippines 59978 Obando
0%
Colombia 14980 Obando
0%
Tajikistan 37104 Obburdon
0%
Argentina 66112 Oberá
0%
Germany 17807 Oberasbach
0%
Germany 11956 Oberderdingen
0%
Germany 9718 Oberhausen-Rheinhausen
0%
Germany 20237 Oberkirch
0%
France 12303 Obernai
0%
Germany 8884 Obernburg am Main
0%
Germany 9407 Obernkirchen
0%
Germany 15313 Ober-Ramstadt
0%
Switzerland 8878 Oberriet
0%
Switzerland 8565 Obersiggenthal
0%
Germany 9773 Oberstdorf
0%
Germany 8793 Obertraubling
0%
Germany 25531 Obertshausen
0%
Switzerland 11136 Oberwil
0%
Switzerland 21748 Oberwingert
0%
Nigeria 26277 Obiaruku
0%
Tajikistan 12300 Obikiik
0%
Kosovo 6864 Obiliq
0%
Japan 41341 Obita
0%
North Macedonia 887 Obleševo
0%
Russia 550 Obluchye
0%
Russia 132477 Obninsk
0%
Central African Republic 7187 Obo
0%
Djibouti 21200 Obock
0%
Poland 17629 Oborniki
0%
Poland 9101 Oborniki Śląskie
0%
Russia 11671 Oboyan
0%
India 46574 Obra
0%
India 15966 Obra
0%
Japan 92179 Ōbu
0%
Ghana 180460 Obuase
0%
Ukraine 33287 Obukhiv
0%
Ukraine 9137 Obukhivka
0%
Japan 10510 Obuse
0%
United States 197770 Ocala
0%
Philippines 51073 Ocampo
0%
Colombia 116232 Ocaña
0%
Spain 14469 Ocaña
0%
Brazil 24493 Ocara
0%
Mexico 22082 Ocatlán
0%
Italy 12016 Occhiobello
0%
United States 18689 Ocean Acres
0%
United States 12028 Ocean Pines
0%
United States 16276 Ocean Pointe
0%
United States 18561 Ocean Springs
0%
Ukraine 13663 Ochakiv
0%
India 15039 Ochanthururtha
0%
Russia 14294 Ochër
0%
Japan 15652 Ochiai
0%
Jamaica 16671 Ocho Rios
0%
Germany 20392 Ochtrup
0%
Romania 12480 Ocna Mureş
0%
Moldova 3133 Ocniţa
0%
United States 47885 Ocoee
0%
United States 18385 Oconomowoc
0%
Guatemala 12776 Ocós
0%
Mexico 47688 Ocosingo
0%
Nicaragua 48765 Ocotal
0%
Mexico 106050 Ocotlán
0%
Mexico 21676 Ocotlán de Morelos
0%
Mexico 66190 Ocoyoacac
0%
Mexico 43247 Ocozocoautla de Espinosa
0%
Hungary 9938 Ócsa
0%
France 16948 Octeville
0%
Mexico 34485 Ocuilan de Arteaga
0%
Venezuela 166112 Ocumare del Tuy
0%
Japan 32838 Ōdachō-ōda
0%
India 17401 Odaipatti
0%
India 15838 Odaiyakulam
0%
Japan 32102 Odamachi
0%
India 15419 Odanāvattam
0%
India 11445 Odatturai
0%
Japan 189038 Odawara
0%
India 9110 Odayārpatti
0%
Turkey 132740 Ödemiş
0%
South Africa 63743 Odendaalsrus
0%
United States 45585 Odenton
0%
Italy 20016 Oderzo
0%
Côte d’Ivoire 86279 Odienné
0%
Russia 111612 Odintsovo
0%
Philippines 49284 Odiongan
0%
India 14194 Odlābāri
0%
Romania 9423 Odobeşti
0%
Romania 31335 Odorheiu Secuiesc
0%
Slovenia 1632 Odranci
0%
India 10755 Odugattūr
0%
Ghana 16542 Odumase
0%
Serbia 7556 Odžaci
0%
Bosnia and Herzegovina 18821 Odžak
0%
Netherlands 25064 Oegstgeest
0%
Portugal 171658 Oeiras
0%
Brazil 38161 Oeiras
0%
Brazil 33844 Oeiras do Pará
0%
Germany 29783 Oelde
0%
Germany 9873 Oelsnitz
0%
Germany 17287 Oerlinghausen
0%
Germany 11769 Oestrich-Winkel
0%
United States 92697 O'Fallon
0%
United States 32139 O'Fallon
0%
Israel 29000 Ofaqim
0%
Nigeria 166112 Offa
0%
Chile 6457 Oficina María Elena
0%
Germany 12211 Oftersheim
0%
Switzerland 13791 Oftringen
0%
Japan 34558 Ofunato
0%
Japan 35452 Ōfunato
0%
Japan 158386 Ōgaki
0%
Japan 23586 Ōgawara
0%
Nigeria 1032000 Ogbomoso
0%
United States 9600 Ogdensburg
0%
Algeria 10120 Oggaz
0%
Italy 9063 Oggiono
0%
Spain 15063 Ogíjares
0%
Japan 44120 Ogimachi
0%
Japan 58322 Ogōri
0%
Japan 65054 Ogōshi
0%
Japan 24160 Ōguchi
0%
Croatia 12246 Ogulin
0%
Azerbaijan 7002 Oğuz
0%
Turkey 33397 Oğuzeli
0%
Uzbekistan 37784 Ohangaron
0%
United States 9146 O'Hara
0%
Japan 20518 Ōhara
0%
Japan 32318 Ōharu
0%
Japan 8663 Ōhata
0%
Germany 9476 Ohrdruf
0%
North Macedonia 38818 Ohrid
0%
Brazil 27482 Oiapoque
0%
Colombia 12063 Oiba
0%
France 10260 Oignies
0%
United States 9517 Oil City
0%
United States 34971 Oildale
0%
Japan 24407 Oirase
0%
Netherlands 18842 Oirschot
0%
Japan 31262 Ōiso
0%
France 12287 Oissel
0%
Netherlands 32373 Oisterwijk
0%
Japan 11828 Ōiwa
0%
Japan 41918 Ōizumi
0%
Mexico 22744 Ojinaga
0%
Japan 33729 Ojiya
0%
Mexico 11881 Ojuelos de Jalisco
0%
United States 17101 Ojus
0%
Japan 12210 Okabechō-okabe
0%
Japan 30891 Okagaki
0%
Namibia 22639 Okahandja
0%
Pakistan 232386 Okara
0%
Japan 74115 Okegawa
0%
Nigeria 56000 Oke-Mesi
0%
United States 25503 Okemos
0%
Nigeria 320260 Okene
0%
India 62052 Okha
0%
Russia 19888 Okha
0%
India 11142 Okhargara
0%
Ukraine 19606 Okhmalynka
0%
Russia 5570 Okhotsk
0%
Ukraine 46660 Okhtyrka
0%
Nigeria 132237 Okigwe
0%
Bolivia 10508 Okinawa Número Uno
0%
South Africa 13324 Okkerneutboom
0%
United States 11370 Okmulgee
0%
Gabon 10136 Okondja
0%
Canada 30405 Okotoks
0%
Burma 11525 Okpo
0%
Kazakhstan 29169 Oktyabr’sk
0%
Russia 20703 Oktyabrsk
0%
Russia 116427 Oktyabr’skiy
0%
Russia 1534 Oktyabr’skiy
0%
Japan 21643 Ōkuchi-shinohara
0%
Japan 11570 Okuizumo
0%
Nigeria 26589 Okuta
0%
India 12368 Olagadam
0%
Latvia 9908 Olaine
0%
India 11140 Olaippatti
0%
India 8742 Olalapādi
0%
Cameroon 8518 Olamzé
0%
Honduras 104609 Olanchito
0%
Argentina 89721 Olavarría
0%
Poland 33268 Oława
0%
Germany 10307 Olbernhau
0%
United States 67392 Old Bridge
0%
Tanzania 8000 Oldeani
0%
Netherlands 23760 Oldebroek
0%
Netherlands 31701 Oldenzaal
0%
United States 8533 Old Forge
0%
Jamaica 28665 Old Harbour
0%
United States 21121 Old Jamestown
0%
United States 9150 Old Orchard Beach
0%
United States 14872 Oldsmar
0%
Poland 16076 Olecko
0%
Italy 14215 Oleggio
0%
Spain 38333 Oleiros
0%
Russia 9348 Olëkminsk
0%
Ukraine 76097 Oleksandriia
0%
Russia 12110 Olenegorsk
0%
Russia 2438 Olenëk
0%
Spain 24677 Olesa de Montserrat
0%
Ukraine 24124 Oleshky
0%
Poland 35856 Oleśnica
0%
Poland 9122 Olesno
0%
Ukraine 10032 Olevsk
0%
Germany 13298 Olfen
0%
Italy 11862 Olgiate Comasco
0%
Italy 12671 Olgiate Olona
0%
Mongolia 40564 Ölgiy
0%
India 11695 Olhanpur
0%
Brazil 17919 Olho d’Água das Cunhãs
0%
Brazil 20695 Olho d’Água das Flores
0%
South Africa 10233 Olifantshoek
0%
Brazil 46013 Olímpia
0%
Brazil 349976 Olinda
0%
Brazil 22633 Olindina
0%
Guatemala 39383 Olintepeque
0%
Mexico 11517 Olintla
0%
Spain 26122 Oliva
0%
Argentina 11672 Oliva
0%
Chile 13033 Olivar
0%
Chile 13033 Olivar Bajo
0%
Spain 9504 Olivares
0%
United States 46538 Olive Branch
0%
United States 19071 Olivehurst
0%
Brazil 39262 Oliveira
0%
Portugal 20760 Oliveira de Azemeis
0%
Portugal 10261 Oliveira de Frades
0%
Portugal 23028 Oliveira do Bairro
0%
Portugal 20855 Oliveira do Hospital
0%
Brazil 20715 Oliveira dos Brejinhos
0%
Portugal 10817 Oliveirinha
0%
Brazil 10812 Olivença
0%
Spain 11742 Olivenza
0%
France 22988 Olivet
0%
United States 8539 Olivette
0%
Kenya 58000 Ol Kalou
0%
Poland 33462 Olkusz
0%
United Kingdom 11103 Ollerton
0%
France 14320 Ollioules
0%
Peru 9800 Olmos
0%
United States 8640 Olmsted Falls
0%
Chile 15611 Olmué
0%
United States 36000 Olney
0%
United States 8864 Olney
0%
El Salvador 29529 Olocuilta
0%
Philippines 260317 Olongapo
0%
France 15061 Olonne-sur-Mer
0%
Guatemala 30534 Olopa
0%
France 10658 Oloron-Sainte-Marie
0%
Spain 38822 Olot
0%
Bosnia and Herzegovina 10175 Olovo
0%
Russia 8247 Olovyannaya
0%
Germany 14481 Olsberg
0%
Romania 22624 Olteniţa
0%
Uzbekistan 25543 Oltiariq
0%
Uzbekistan 28300 Oltinko‘l
0%
United Kingdom 12167 Olton
0%
Turkey 30075 Oltu
0%
Philippines 38438 Olutanga
0%
United States 13179 Olympia Heights
0%
Japan 25883 Ōmachi
0%
Japan 32422 Omaezaki
0%
Japan 38794 Ōmagari
0%
United Kingdom 20458 Omagh
0%
India 17611 Omallūr
0%
India 16279 Omalūr
0%
Namibia 6300 Omaruru
0%
Namibia 12000 Omatjete
0%
Gabon 2057 Omboué
0%
Russia 10 Omchak
0%
Sudan 2805396 Omdurman
0%
Italy 14294 Omegna
0%
Turkey 13740 Ömerli
0%
Mexico 30271 Ometepec
0%
Iran 67427 Omīdīyeh
0%
Japan 25420 Omigawa
0%
Japan 82233 Ōmihachiman
0%
Croatia 14139 Omiš
0%
Japan 48555 Omitama
0%
Japan 127252 Ōmiyachō
0%
India 9870 Ommangi
0%
Russia 616 Omolon
0%
Russia 4201 Omsukchan
0%
Japan 99337 Ōmura
0%
Bulgaria 9003 Omurtag
0%
Japan 106393 Ōmuta
0%
Namibia 7560 Omuthiya
0%
Russia 9101 Omutinskiy
0%
Russia 6400 Omutninsk
0%
Japan 10086 Ōnan
0%
Spain 11537 Oñate
0%
Argentina 13180 Oncativo
0%
Isle of Man 9172 Onchan
0%
Namibia 30364 Ondangwa
0%
Angola 121537 Ondjiva
0%
Nigeria 358430 Ondo
0%
Turkey 26989 Ondokuzmayıs
0%
Mongolia 20935 Öndörhaan
0%
Russia 16449 Onega
0%
United States 14467 Oneonta
0%
Romania 34005 Oneşti
0%
France 12062 Onet Village
0%
Switzerland 18977 Onex
0%
Japan 18609 Onga
0%
Kenya 172570 Ongata Rongai
0%
Korea, North 69195 Ongjang
0%
India 204746 Ongole
0%
Namibia 10964 Ongwediva
0%
Uzbekistan 14000 O‘nhayot
0%
Nigeria 1483000 Onitsha
0%
Benin 14693 Onklou
0%
France 8567 Onnaing
0%
Japan 102818 Ōnojō
0%
Japan 130143 Onomichi
0%
Venezuela 12358 Onoto
0%
Australia 813 Onslow
0%
Spain 36430 Onteniente
0%
United States 13772 On Top of the World Designated Place
0%
South Africa 9502 Onverwacht
0%
Suriname 2223 Onverwacht
0%
Somalia 60000 Oodweyne
0%
Belgium 14074 Oostakker
0%
Netherlands 29812 Oosterend
0%
Netherlands 56206 Oosterhout
0%
Netherlands 9510 Oosterwolde
0%
Belgium 13546 Oosterzele
0%
Belgium 23580 Oostkamp
0%
Netherlands 9689 Oostzaan
0%
India 88430 Ootacamund
0%
Poland 9360 Opalenica
0%
United States 16097 Opa-locka
0%
Croatia 10619 Opatija
0%
Czechia 55600 Opava
0%
United States 31944 Opelika
0%
United States 15662 Opelousas
0%
Italy 14245 Opera
0%
Switzerland 19864 Opfikon
0%
Belgium 10403 Opglabbeek
0%
Slovenia 1420 Oplotnica
0%
Netherlands 12009 Opmeer
0%
Russia 9928 Opochka
0%
Poland 19246 Opoczno
0%
Colombia 11111 Oporapa
0%
Serbia 4546 Opovo
0%
India 10330 Oppatavādi
0%
Italy 10279 Oppeano
0%
Norway 27394 Oppegård
0%
India 9266 Oppicherla
0%
Namibia 12335 Opuwo
0%
Belgium 14378 Opwijk
0%
Uzbekistan 11900 Oqqo‘rg‘on
0%
Uzbekistan 41600 Oqtosh Shahri
0%
Romania 183105 Oradea
0%
India 190575 Orai
0%
Greece 40004 Oraiókastro
0%
United States 13189 Orangeburg
0%
United States 13768 Orange City
0%
United States 9607 Orange Cove
0%
United States 9588 Orange Lake
0%
United States 9062 Orange Park
0%
United States 48421 Orangetown
0%
United States 35219 Orangevale
0%
Canada 34177 Orangeville
0%
Belize 13750 Orange Walk
0%
Namibia 7736 Oranjemund
0%
Aruba 28658 Oranjestad
0%
Bonaire, Sint Eustatius, and Saba 1038 Oranjestad
0%
Israel 17759 Or ‘Aqiva
0%
Philippines 37451 Oras
0%
Bosnia and Herzegovina 19861 Orašje
0%
Romania 16825 Orăştie
0%
Guatemala 27115 Oratorio
0%
Romania 9346 Oraviţa
0%
Italy 23061 Orbassano
0%
Italy 14292 Orbetello
0%
United States 29724 Orchard Park
0%
United States 29716 Orchards
0%
India 11511 Orchha
0%
United States 31284 Orcutt
0%
Andorra 4858 Ordino
0%
Turkey 229214 Ordu
0%
Azerbaijan 10372 Ordubad
0%
Russia 137965 Orekhovo-Borisovo Yuzhnoye
0%
Russia 104728 Orekhovo-Zuyevo
0%
Greece 31686 Orestiáda
0%
Turkey 18543 Orhaneli
0%
Turkey 81110 Orhangazi
0%
Moldova 21065 Orhei
0%
Italy 14507 Oria
0%
Spain 80784 Orihuela
0%
Canada 33411 Orillia
0%
United States 19472 Orinda
0%
Italy 30363 Oristano
0%
Colombia 57774 Orito
0%
Brazil 68294 Oriximiná
0%
Mexico 123182 Orizaba
0%
Brazil 15725 Orizona
0%
Sweden 10300 Örkelljunga
0%
Brazil 42678 Orlândia
0%
United States 57961 Orland Park
0%
Brazil 23661 Orleães
0%
Czechia 27794 Orlová
0%
Nigeria 9351 Orlu
0%
Australia 15938 Ormeau
0%
United Kingdom 10714 Ormesby
0%
France 10589 Ormesson-sur-Marne
0%
Philippines 230998 Ormoc
0%
United States 43514 Ormond Beach
0%
Slovenia 1962 Ormož
0%
United Kingdom 24073 Ormskirk
0%
Sweden 32953 Örnsköldsvik
0%
Brazil 21808 Orobó
0%
Brazil 13613 Orocó
0%
Colombia 8460 Orocué
0%
Burkina Faso 33422 Orodara
0%
Canada 21036 Oro-Medonte
0%
Spain 11785 Oropesa
0%
China 40128 Oroqen Zizhiqi
0%
Philippines 72301 Oroquieta
0%
Brazil 19675 Orós
0%
Hungary 25206 Orosháza
0%
United States 8679 Orosi
0%
Hungary 17873 Oroszlány
0%
Costa Rica 9664 Orotina
0%
United States 47595 Oro Valley
0%
United States 19855 Oroville
0%
United Kingdom 90315 Orpington
0%
France 16655 Orsay
0%
Belarus 102759 Orsha
0%
Russia 187517 Orsk
0%
Romania 8506 Orşova
0%
Norway 10929 Ørsta
0%
Turkey 54478 Ortaca
0%
Turkey 13242 Ortaklar
0%
Turkey 20511 Ortaköy
0%
Turkey 10363 Ortaköy
0%
Italy 16783 Orta Nova
0%
Colombia 32164 Ortega
0%
Germany 8872 Ortenberg
0%
Brazil 24192 Ortigueira
0%
United States 8957 Orting
0%
Italy 22209 Ortona
0%
Spain 8629 Ortuella
0%
India 14167 Orumanayūr
0%
Iran 736224 Orūmīyeh
0%
Bolivia 351802 Oruro
0%
Bolivia 246501 Oruro
0%
India 19345 Oruvadālkotta
0%
France 28341 Orvault
0%
Israel 36706 Or Yehuda
0%
Poland 21631 Orzesze
0%
Italy 12388 Orzinuovi
0%
Kazakhstan 8046 Osakarovka
0%
Japan 58465 Ōsakasayama
0%
Japan 12092 Ōsako
0%
Brazil 652593 Osasco
0%
Japan 31605 Ōsawa
0%
Germany 14089 Oschatz
0%
Germany 19885 Oschersleben
0%
Serbia 12571 Osečina
0%
Namibia 39679 Oshakati
0%
Namibia 12423 Oshikango
0%
Iran 32723 Oshnavīyeh
0%
Tajikistan 21260 Oshoba
0%
Japan 112531 Ōshū
0%
Congo (Kinshasa) 22576 Oshwe
0%
India 12548 Osiān
0%
El Salvador 10327 Osicala
0%
Slovenia 76 Osilnica
0%
Italy 34687 Osimo
0%
Nigeria 219632 Osisioma
0%
United States 11492 Oskaloosa
0%
Sweden 17258 Oskarshamn
0%
Kazakhstan 400142 Öskemen
0%
Iran 18459 Oskū
0%
Philippines 29264 Oslob
0%
India 112085 Osmānābād
0%
Turkey 30537 Osmancık
0%
Turkey 16192 Osmaneli
0%
Turkey 891250 Osmangazi
0%
Turkey 252186 Osmaniye
0%
France 17471 Osny
0%
Nigeria 731000 Osogbo
0%
Chile 249728 Osorno
0%
Poland 15843 Osowa
0%
Colombia 8834 Ospina
0%
Venezuela 39215 Ospino
0%
Italy 14694 Ospitaletto
0%
United Kingdom 21861 Ossett
0%
United States 39317 Ossining
0%
Russia 16674 Ostashkov
0%
Germany 11690 Ostbevern
0%
Belgium 71557 Ostend
0%
Germany 9421 Osterburg
0%
Germany 10208 Ostercappeln
0%
Germany 30717 Osterholz-Scharmbeck
0%
Switzerland 17751 Ostermundigen
0%
Germany 21382 Osterode
0%
Sweden 49806 Östersund
0%
Germany 10768 Osterwieck
0%
Germany 39833 Ostfildern
0%
Germany 9833 Osthofen
0%
Germany 11811 Ostrhauderfehn
0%
Germany 13299 Östringen
0%
Poland 17795 Ostróda
0%
Russia 31699 Ostrogozhsk
0%
Ukraine 14801 Ostroh
0%
Poland 48712 Ostrołęka
0%
Russia 20923 Ostrov
0%
Czechia 15825 Ostrov
0%
Poland 64796 Ostrowiec Świętokrzyski
0%
Poland 22013 Ostrów Mazowiecka
0%
Poland 70725 Ostrów Wielkopolski
0%
Poland 14036 Ostrzeszów
0%
Germany 8990 Oststeinbek
0%
Guatemala 61517 Ostuncalco
0%
Italy 30143 Ostuni
0%
France 13492 Ostwald
0%
Spain 17374 Osuna
0%
Brazil 33000 Osvaldo Cruz
0%
United Kingdom 11803 Oswaldtwistle
0%
United States 35463 Oswego
0%
United States 17028 Oswego
0%
United Kingdom 15613 Oswestry
0%
Brazil 17312 Otacílio Costa
0%
Japan 25955 Ōtake
0%
Japan 8762 Ōtaki
0%
Japan 744849 Ōta-ku
0%
Ecuador 41718 Otavalo
0%
Namibia 10756 Otavi
0%
Japan 73189 Ōtawara
0%
Mexico 16222 Oteapan
0%
Kazakhstan 31675 Otegen Batyr
0%
Philippines 22855 Oteiza
0%
Namibia 19614 Otjiwarongo
0%
United Kingdom 14357 Otley
0%
Philippines 98509 Oton
0%
Romania 21750 Otopeni
0%
Russia 46984 Otradnyy
0%
Czechia 17597 Otrokovice
0%
Japan 10719 Ōtsuchi
0%
Japan 21835 Ōtsuki
0%
India 13622 Ottaikkālmantapam
0%
India 16084 Ottakkadai
0%
India 53790 Ottappālam
0%
India 9216 Ottappārai
0%
India 9674 Ottappidāram
0%
Italy 23115 Ottaviano
0%
Germany 9879 Ottendorf-Okrilla
0%
United States 25352 Ottumwa
0%
India 16085 Ottūr
0%
Germany 14522 Ottweiler
0%
Uganda 8000 Otuke
0%
Nigeria 68220 Otukpo
0%
Mexico 9242 Otumba
0%
Peru 25134 Otuzco
0%
Poland 44524 Otwock
0%
Central African Republic 5434 Ouadda
0%
Algeria 15771 Ouadhia
0%
Burkina Faso 124580 Ouahigouya
0%
Benin 74289 Ouaké
0%
Algeria 15978 Ouamri
0%
Benin 8712 Ouando
0%
Mayotte 10203 Ouangani
0%
Comoros 22501 Ouani
0%
Mali 18123 Ouankoro
0%
Morocco 26410 Ouaoula
0%
Morocco 12766 Ouaouzgane
0%
Tunisia 23707 Ouardenine
0%
Burkina Faso 9090 Ouarégou
0%
Burkina Faso 13431 Ouargaye
0%
Algeria 191136 Ouargla
0%
Mali 30519 Ouatagouna
0%
Japan 8647 Ōuda-daitō
0%
Japan 27747 Ōuda-yamaguchi
0%
Netherlands 24301 Oud-Beijerland
0%
Belgium 31866 Oudenaarde
0%
Netherlands 12780 Oudenbosch
0%
Belgium 9717 Oudenburg
0%
Netherlands 10201 Oudewater
0%
Belgium 11099 Oud-Heverlee
0%
South Africa 61507 Oudtshoorn
0%
Belgium 13977 Oud-Turnhout
0%
Morocco 10929 Oued Amlil
0%
Algeria 35934 Oued Athmenia
0%
Algeria 11795 Oued Cheham
0%
Algeria 19184 Oued el Abtal
0%
Algeria 33915 Oued el Alleug
0%
Algeria 21088 Oued el Aneb
0%
Algeria 23480 Oued el Djemaa
0%
Algeria 17359 Oued el Kheïr
0%
Benin 9099 Ouédémè
0%
Algeria 9319 Oued Essalem
0%
Algeria 41710 Oued Fodda
0%
Morocco 16379 Oued Jdida
0%
Morocco 11690 Oued Laou
0%
Tunisia 66100 Oued Lill
0%
Benin 10067 Ouédo
0%
Benin 10610 Ouédo-Aguéko
0%
Algeria 64685 Oued Rhiou
0%
Algeria 10905 Oued Sebbah
0%
Algeria 11792 Oued Seguin
0%
Algeria 47248 Oued Sly
0%
Algeria 13916 Oued Taria
0%
Algeria 13289 Oued Tlélat
0%
Morocco 93776 Oued Zem
0%
Algeria 32870 Oued Zenati
0%
Benin 12245 Ouénou
0%
Algeria 52737 Ouenza
0%
Congo (Brazzaville) 28179 Ouésso
0%
Morocco 57737 Ouezzane
0%
Benin 91688 Ouidah
0%
Benin 59381 Ouinhri
0%
France 9261 Ouistreham
0%
Morocco 614000 Oujda-Angad
0%
Morocco 15697 Oulad Alioua
0%
Morocco 9562 Oulad Amor
0%
Morocco 16457 Oulad Amrane
0%
Morocco 11866 Oulad Amrane el Mekki
0%
Morocco 9815 Oulad ’Azzouz
0%
Morocco 30330 Oulad Barhil
0%
Morocco 14583 Oulad Bou Rahmoun
0%
Morocco 9513 Oulad Chbana
0%
Morocco 13153 Oulad Chikh
0%
Algeria 14777 Oulad Dahmane
0%
Morocco 10800 Oulad Daoud
0%
Morocco 14716 Oulad Driss
0%
Morocco 21636 Oulad Embarek
0%
Morocco 12096 Oulad Fares
0%
Morocco 20176 Oulad Fraj
0%
Morocco 11410 Oulad Friha
0%
Morocco 12130 Oulad Hamdane
0%
Morocco 12059 Oulad Hamdane
0%
Morocco 33380 Oulad Hammou
0%
Morocco 10894 Oulad Hammou
0%
Morocco 27314 Oulad Hassoune
0%
Morocco 9343 Oulad Imloul
0%
Morocco 9172 Oulad Khallouf
0%
Morocco 8605 Oulad Khallouf
0%
Morocco 13409 Oulad Ouchchih
0%
Morocco 11256 Oulad Rahmoun
0%
Morocco 25231 Oulad Said
0%
Morocco 8745 Oulad Saïd
0%
Morocco 23848 Oulad Salmane
0%
Morocco 9947 Oulad Slim
0%
Morocco 13583 Oulad Tayeb
0%
Morocco 100284 Oulad Teïma
0%
Algeria 55719 Oulad Yaïch
0%
Morocco 25785 Oulad Yaïch
0%
Morocco 30039 Oulad Zemam
0%
Algeria 8578 Ouled Abbes
0%
Algeria 28430 Ouled Ben Abd el Kader
0%
Algeria 36191 Ouled Beni Messous
0%
Algeria 9870 Ouled Brahim
0%
Algeria 16335 Ouled Chebel
0%
Algeria 63237 Ouled Djellal
0%
Algeria 34891 Ouled Fares
0%
Algeria 27593 Ouled Fayet
0%
Algeria 29012 Ouled Haddaj
0%
Algeria 26389 Ouled Mimoun
0%
Algeria 45770 Ouled Moussa
0%
Algeria 10142 Ouled Rabah
0%
Algeria 9311 Ouled Rached
0%
Algeria 26132 Ouled Rahmoun
0%
Algeria 8948 Ouled Rahou
0%
Algeria 14499 Ouled Sidi Brahim
0%
Algeria 27573 Ouled Slama Tahta
0%
India 300104 Oulgaret
0%
France 26994 Oullins
0%
Morocco 17687 Oulmes
0%
Algeria 21326 Oum Drou
0%
Côte d’Ivoire 127153 Oumé
0%
Algeria 80359 Oum el Bouaghi
0%
Chad 26136 Oum Hadjer
0%
Morocco 13310 Ounagha
0%
Mali 10483 Ouolodo
0%
Belgium 25297 Oupeye
0%
Brazil 65245 Ouricuri
0%
Morocco 26990 Ourika Wawrmas
0%
Mali 23855 Ourikela
0%
Brazil 32467 Ourilândia do Norte
0%
Brazil 103970 Ourinhos
0%
Brazil 38724 Ouro Branco
0%
Brazil 11446 Ouro Branco
0%
Brazil 10294 Ouroeste
0%
Brazil 32094 Ouro Fino
0%
Brazil 74558 Ouro Prêto
0%
Brazil 35044 Ouro Preto d’Oeste
0%
Brazil 8620 Ouro Verde
0%
Morocco 13256 Ourtzagh
0%
Tunisia 10783 Ousseltia
0%
Morocco 8560 Outa Bouabane
0%
Namibia 4606 Outapi
0%
Morocco 9987 Outat Oulad Al Haj
0%
Namibia 6013 Outjo
0%
France 13398 Outreau
0%
Australia 1022 Ouyen
0%
Algeria 12650 Ouzera
0%
Italy 10779 Ovada
0%
Chile 124401 Ovalle
0%
Colombia 20846 Ovejas
0%
United Kingdom 12351 Ovenden
0%
Germany 27489 Overath
0%
Belgium 25169 Overijse
0%
United States 12430 Overlea
0%
Belgium 15478 Overpelt
0%
Ukraine 11407 Ovidiopol
0%
Romania 13968 Ovidiu
0%
Ukraine 15250 Ovruch
0%
Congo (Brazzaville) 24736 Owando
0%
Japan 8669 Ōwani
0%
Japan 82336 Owariasahi
0%
Japan 16079 Owase
0%
United States 39013 Owasso
0%
United States 18779 Owego
0%
Gabon 79300 Owendo
0%
United States 81734 Owensboro
0%
Canada 22318 Owen Sound
0%
Nigeria 908109 Owerri
0%
United States 35626 Owings Mills
0%
India 11760 Owk
0%
Nigeria 222262 Owo
0%
United States 14658 Owosso
0%
Peru 12826 Oxapampa
0%
Mexico 54932 Oxchuc
0%
Sweden 11488 Oxelösund
0%
Mexico 23096 Oxkutzkab
0%
United States 18491 Oxon Hill
0%
United Kingdom 11853 Oxted
0%
Japan 28634 Oyabe
0%
Uganda 14500 Oyam
0%
Japan 167647 Oyama
0%
Japan 18181 Oyama
0%
Japan 16219 Ōyamazaki
0%
Gabon 60685 Oyem
0%
Uzbekistan 10000 Oyim
0%
Russia 500 Oymyakon
0%
Japan 15856 Ōyodo
0%
Peru 12150 Oyón
0%
France 22378 Oyonnax
0%
Faroe Islands 150 Oyrarbakki
0%
Kazakhstan 22673 Oytal
0%
Germany 16420 Oyten
0%
Turkey 59851 Özalp
0%
Philippines 140334 Ozamiz City
0%
Poland 14375 Ożarów Mazowiecki
0%
El Salvador 12443 Ozatlán
0%
Hungary 30550 Ózd
0%
Turkey 15000 Özdere
0%
Russia 76434 Ozërsk
0%
Russia 23826 Ozëry
0%
Kyrgyzstan 49410 Özgön
0%
India 29836 Ozhūr
0%
Italy 9836 Ozieri
0%
France 20969 Ozoir-la-Ferrière
0%
Poland 18721 Ozorków
0%
Japan 40723 Ōzu
0%
Japan 36053 Ōzu
0%
Mexico 29114 Ozumba
0%
Georgia 844 Ozurgeti
0%
No matching quizzes found
Score Distribution
Percent of People with Each Score
Percentile by Number Answered
Your Score History
You have not taken this quiz